| 000 | 00406nam a2200145Ia 4500 | ||
|---|---|---|---|
| 008 | 230917s9999||||xx |||||||||||||| ||und|| | ||
| 040 |
_e207278 _aMAIN |
||
| 041 | _aEnglish | ||
| 082 | _a340 S81R | ||
| 100 | _aSushila Devi | ||
| 245 | 0 | _aRight against self incrimination in India: a study of legislative and judicial trends | |
| 260 |
_aRohtak _bM.D.University _c2005 |
||
| 300 | _a412 p. | ||
| 942 | _cTH | ||
| 999 |
_c125119 _d125119 |
||